Teorie a praxe budování rozvinuté socialistické společnosti studijní texty pro posluchače stejnomenného útvaru stranického vzdělávání

Guardado en:
Detalles Bibliográficos
Formato: Libro
Lenguaje:checo
Publicado: Praha Svoboda 1985
Etiquetas: Agregar Etiqueta
Sin Etiquetas, Sea el primero en etiquetar este registro!

MARC

LEADER 00000nam a2200000 4500
001 c105454
005 20230105083745.5
041 0 |a cze 
044 |a CZ 
245 1 0 |a Teorie a praxe budování rozvinuté socialistické společnosti  |b studijní texty pro posluchače stejnomenného útvaru stranického vzdělávání 
264 1 |a Praha  |b Svoboda  |c 1985 
300 |a 276 s.